| 000 | 01222nac a22002651u 4500 | ||
|---|---|---|---|
| 010 | _a 2004066299 | ||
| 020 | _a1842776223 (hbk.) | ||
| 020 | _a1842776231 (pbk.) | ||
| 035 | _a(OCoLC)ocm57349199 | ||
| 082 | 0 | 0 |
_a362.87095694 _bM394 |
| 090 |
_c5156 _d5156 |
||
| 100 | _a20080729 | ||
| 245 | 0 | 0 |
_aCatastrophe remembered : _bPalestine, Israel and the internal refugees : essays in memory of Edward W. Said (1935-2003) / _cedited by Nur Masalha. |
| 260 |
_aLondon ; _aNew York : _bZed Books ; _aNew York : _bDistributed in the USA by Palgrave Macmillan,2005 _c2005. |
||
| 300 |
_axx, 300 p. ; _c23 cm. |
||
| 504 | _aIncludes bibliographical references and index. | ||
| 600 | 1 | 0 | _aSaid, Edward W. |
| 650 | 0 | _aRefugees, Palestinian Arab. | |
| 650 | 0 |
_aRefugees, Palestinian Arab _xGovernment policy _zIsrael. |
|
| 650 | 0 |
_aIsrael-Arab War, 1948-1949 _xRefugees. |
|
| 700 | 1 |
_aMasalha, Nur, _d1957- |
|
| 856 | 4 | 1 |
_3Table of contents only _uhttp://www.loc.gov/catdir/enhancements/fy0665/2004066299-t.html |
| 942 |
_cBB _k362.87095694M394 |
||
| 999 |
_c5156 _d5156 |
||